| 000 | 00000nam##2200000za#4500 |
| 001 | 9.597890 |
| 003 | CaOODSP |
| 005 | 20210624204253 |
| 007 | cr ||||||||||| |
| 008 | 150406|2004||||xxc|||||o f|0| 0 fre|d |
| 040 | |aCaOODSP|bfre |
| 043 | |an-cn--- |
| 086 | 1 |aTU3-5/04-38F-PDF |
| 110 | 2 |aBureau de la sécurité des transports du Canada. |
| 245 | 10|aPerte de maîtrise et collision avec le relief de l'hélicoptère Aerospatiale AS-350D C-GVHB exploité par Canadian Helicopters Limited à 45 nm au nord-ouest de Nain (Terre-Neuve-et-Labrador), le 31 août 2004 |h[ressource électronique] |
| 260 | |aGatineau - Québec : |bBureau de la sécurité des transports du Canada |c[2005]. |
| 300 | |a7p.|bill. |
| 490 | 1 |aRapport d'enquête aéronautique |vA04A0111 |
| 590 | |a10-05-Supp|b2010-07-20 |
| 691 | 07|aAccident d'avion|2gcpds |
| 775 | 08|tLoss of control - collision with terrain - Canadian Helicopters Limited Aerospatiale AS-350D C-GVHB, Nain, Newfoundland and Labrador, 45 nm NW, 31 August 2004 |w(CaOODSP)9.566380 |
| 830 | #0|aRapport d'enquête aéronautique ;|vA04A0111|w(CaOODSP)9.501229 |
| 856 | 40|ahttp://publications.gc.ca|qPDF|s775 Ko|uhttps://publications.gc.ca/collections/collection_2009/bst-tsb/TU3-5-04-38F.pdf|yA04A0111 |